000
00301 a2200109 4500
001
ART_11159
005
20260410161855.0
008
260409a
245
1
0
_a
Dos sistemas de vida
100
1
_a
Anderson, Robert G.
773
0
_t
Revista de Economía
_g
- Nº 35 (dic. 1982)
_w
REV11077
999
_c
25368
_d
25368